Biblioteca y Centro de Documentación

La démocratie européenne (Registro nro. 41123)

Detalles MARC
000 -CABECERA
Longitud fija campo de control 00967naa a2200265 c 4500
001 - NÚMERO DE CONTROL
Número de control 41123
003 - IDENTIFICADOR DE NÚMERO DE CONTROL
Identificador del número de control ES-MaCES
005 - FECHA Y HORA DE LA ÚLTIMA TRANSACCIÓN
Fecha y hora de la última transacción 20141221114203.0
008 - CAMPO FIJO DE DESCRIPCIÓN FIJA--INFORMACIÓN GENERAL
Códigos de información de longitud fija   110104n2010 fr t 000 | fre d
035 ## - NÚMERO DE CONTROL DEL SISTEMA
Número de control del sistema CES20110000145v
040 ## - FUENTE DE CATALOGACIÓN
Centro catalogador de origen ES-MaCES
Lengua de catalogación spa
Centro transcriptor ES-MaCES
100 1# - ENCABEZAMIENTO PRINCIPAL--NOMBRE PERSONAL
Nombre de persona Terpan, Fabien
9 (RLIN) 24799
245 13 - MENCIÓN DE TÍTULO
Título La démocratie européenne
Resto del título : progrès accomplis et difficultés persistantes
Mención de responsabilidad, etc. Fabien Terpan
650 #4 - ASIENTO SECUNDARIO DE MATERIA--TÉRMINO DE MATERIA
Término de materia o nombre geográfico como elemento inicial Carta de los Derechos Fundamentales de la Unión Europea
9 (RLIN) 31616
650 #4 - ASIENTO SECUNDARIO DE MATERIA--TÉRMINO DE MATERIA
Término de materia o nombre geográfico como elemento inicial derecho comunitario
9 (RLIN) 29866
650 #4 - ASIENTO SECUNDARIO DE MATERIA--TÉRMINO DE MATERIA
Término de materia o nombre geográfico como elemento inicial Parlamento Europeo
9 (RLIN) 29022
650 #4 - ASIENTO SECUNDARIO DE MATERIA--TÉRMINO DE MATERIA
Término de materia o nombre geográfico como elemento inicial desarrollo institucional
9 (RLIN) 29802
650 #4 - ASIENTO SECUNDARIO DE MATERIA--TÉRMINO DE MATERIA
Término de materia o nombre geográfico como elemento inicial democracia
9 (RLIN) 27175
650 #4 - ASIENTO SECUNDARIO DE MATERIA--TÉRMINO DE MATERIA
Término de materia o nombre geográfico como elemento inicial legislación
9 (RLIN) 27153
653 10 - TÉRMINO DE INDEXACIÓN--NO CONTROLADO
Término no controlado Mercado Único Europeo
773 0# - ENTRADA DE DOCUMENTO FUENTE
Título Questions internationales
Parte(s) relacionada(s) no. 45 (sept.-oct. 2010){55/1094 R. 077687}; p. 49-56
Número de control del registro relacionado (ES-MaCES)26045
Itemnumber del ítem fuente 79897
902 ## - CES. TIPO DE DOCUMENTO
Tipodoc (006$c Sirtex) ART Artículo de revista
942 ## - ELEMENTOS KOHA
Fuente de clasificaión o esquema Clasificación propia del CES
Koha [por defecto] tipo de item Artículos (1982-2017)
Parte de clasificación 1.0.

No hay ítems disponibles.

© CES, Consejo Económico y Social de España 2021